000
00322 a2200157 4500
001
190088
020
_a
040
_c
Magnum
100
_a
Araujo, Leosino Miranda
240
1
0
_a
Os teres humanos
_l
por
245
1
0
_a
Os teres humanos
300
_a
88
362
0
_a
2003
697
_a
LITERATURA JUVENIL
942
_c
BK
999
_c
190088
_d
190088